Skip to content
VuFind
Login
All Fields
Title
Author
Subject
Call Number
ISBN/ISSN
Tag
Find
Advanced
Savundaryaya saha thera theran...
Cite this
Text this
Email this
Print
Export Record
Export to RefWorks
Export to EndNoteWeb
Export to EndNote
Export to MARC
Export to BibTeX
Export to RIS
Save to List
Permanent link
Savundaryaya saha thera therani gee
Saved in:
Bibliographic Details
Main Author:
Rathanasiri himi, Kapugollave
Format:
Book
Published:
Pannipitiya
Chaga Publishers
2006
Tags:
Add Tag
No Tags, Be the first to tag this record!
Holdings
Description
Comments
Similar Items
Staff View
MARC
LEADER
00000nam a2200000 a 4500
020
|a
9789551234073
100
|a
Rathanasiri himi, Kapugollave
245
|a
Savundaryaya saha thera therani gee
260
|a
Pannipitiya
|b
Chaga Publishers
|c
2006
300
|a
100p. ; 21cm.
942
|c
AFW
999
|c
173550
|d
173550
Similar Items
Therani nada
by: Ananda himi, Muwaatagama
Published: (2011)
Varna savundaryaya
by: Charles, S.P
Published: (1959)
Therani katha
by: Sumanasekara, Gamini
Published: (2008)
Prema githaye savundaryaya
by: Jayasinghe, Nirmala Damayanthi
Published: (2009)
Adaraniya subha therani
by: Atigala, Asanka
Published: (2011)